[Event "Sofia MGU op 148th"]
[Site "Sofia"]
[Date "2015.08.08"]
[Round "3"]
[White "Karaivanova, Petya F"]
[Black "Iliev, Alexandar"]
[Result "0-1"]
[WhiteElo "1490"]
[BlackElo "1675"]
[PlyCount "80"]
[EventDate "2015.08.08"]
[EventType "swiss"]
[EventRounds "6"]
[EventCountry "BUL"]
[SourceTitle "EXT 2016"]
[Source "ChessBase"]
[SourceDate "2015.10.08"]
[SourceVersion "1"]
[SourceVersionDate "2015.10.08"]
[SourceQuality "1"]

1. e4 e6 2. d4 d6 3. Nf3 Nd7 4. Nc3 a6 5. Bc4 b5 6. Bb3 Ne7 7. Bf4 Ng6 8. Bg3 Bb7 9. Qd2 Nf6 10. h4 Bxe4 11. Ng5 Bxg2 12. Rg1 Bd5 13. Bxd5 exd5 14. h5 Nxh5 15. Nxd5 h6 16. Nh3 c6 17. Qe2+ Be7 18. Qxh5 cxd5 19. Qxd5 Rc8 20. c3 Qd7 21. Nf4 Nxf4 22. Bxf4 g5 23. Bg3 Qe6+ 24. Qxe6 fxe6 25. Kd2 Kd7 26. Rae1 a5 27. Re3 Bf6 28. Rge1 Rhe8 29. d5 e5 30. Rf3 Ke7 31. Rf5 Rc5 32. f4 Rxd5+ 33. Kc2 Ke6 34. fxe5 dxe5 35. Ref1 Rf8 36. R5f2 h5 37. Re1 h4 38. Bh2 g4 39. Rfe2 g3 40. Bg1 Bg5 0-1

[Event "Sofia MGU op 136th"]
[Site "Sofia"]
[Date "2015.02.14"]
[Round "2"]
[White "Iliev, Alexandar"]
[Black "Tenev, Bogdan"]
[Result "1-0"]
[WhiteElo "1735"]
[BlackElo "1332"]
[PlyCount "87"]
[EventDate "2015.02.14"]
[EventType "swiss"]
[EventRounds "6"]
[EventCountry "BUL"]
[SourceTitle "CBM 164 Extra"]
[Source "ChessBase"]
[SourceDate "2015.03.02"]
[SourceVersion "1"]
[SourceVersionDate "2015.03.02"]
[SourceQuality "1"]

1. d4 d5 2. Nd2 g6 3. e3 Bg7 4. Bd3 Nc6 5. c3 e5 6. f3 Nge7 7. Nf1 0-0 8. Ng3 f5 9. dxe5 Nxe5 10. f4 Nxd3+ 11. Qxd3 Be6 12. Nf3 h6 13. h4 h5 14. b3 Qd7 15. Ba3 Rfe8 16. Rd1 Rad8 17. Bc5 b6 18. Bd4 Nc6 19. Kf2 Bxd4 20. exd4 Qd6 21. Qd2 Kg7 22. Ne5 Nxe5 23. fxe5 Qe7 24. Ne2 c5 25. dxc5 Qxc5+ 26. Qd4 Rc8 27. Rd2 Qxd4+ 28. cxd4 Rc6 29. Re1 Rec8 30. Nf4 Kf7 31. Ree2 b5 32. Rb2 a5 33. Red2 b4 34. Re2 Rc3 35. Rbd2 Ra8 36. Nd3 a4 37. bxa4 Rxa4 38. Nc5 Ra7 39. Rb2 Rca3 40. Rxb4 Rxa2 41. Rb7+ Rxb7 42. Rxa2 Re7 43. Kf3 Bc8 44. Kf4 1-0

[Event "Sofia MGU op 134th"]
[Site "Sofia"]
[Date "2015.02.01"]
[Round "6"]
[White "Iliev, Alexandar"]
[Black "Stathopoulos, Fotios"]
[Result "1-0"]
[WhiteElo "1760"]
[BlackElo "1756"]
[PlyCount "71"]
[EventDate "2015.01.31"]
[EventType "swiss"]
[EventRounds "6"]
[EventCountry "BUL"]
[SourceTitle "CBM 164 Extra"]
[Source "ChessBase"]
[SourceDate "2015.03.02"]
[SourceVersion "1"]
[SourceVersionDate "2015.03.02"]
[SourceQuality "1"]

1. d4 g6 2. Nd2 Bg7 3. e3 a6 4. Bd3 Nf6 5. Ne2 0-0 6. h4 d6 7. Ng3 Bg4 8. f3 Bh5 9. c3 Nc6 10. Nxh5 Nxh5 11. g4 Nf6 12. f4 e6 13. Be2 Re8 14. Bf3 Qd7 15. g5 Nd5 16. Nf1 Nce7 17. Qb3 b6 18. Bd2 Qb5 19. Qxb5 axb5 20. e4 Nxf4 21. Bxf4 e5 22. dxe5 dxe5 23. Be3 Red8 24. Be2 Ra5 25. Ng3 Nc8 26. Kf2 Nd6 27. Rhd1 Raa8 28. b3 Bf8 29. Kf3 Rab8 30. h5 Be7 31. Rd5 f6 32. hxg6 hxg6 33. gxf6 Bxf6 34. Rad1 Rf8 35. Kg2 Be7 36. Rxe5 1-0

[Event "Sofia MGU op 122nd"]
[Site "Sofia"]
[Date "2014.10.25"]
[Round "2"]
[White "Iliev, Alexandar"]
[Black "Andreev, Dobrotich"]
[Result "1-0"]
[WhiteElo "1763"]
[BlackElo "2012"]
[PlyCount "93"]
[EventDate "2014.10.25"]
[EventType "swiss"]
[EventRounds "6"]
[EventCountry "BUL"]
[SourceTitle "EXT 2015"]
[Source "ChessBase"]
[SourceDate "2014.11.20"]
[SourceVersion "1"]
[SourceVersionDate "2014.11.20"]
[SourceQuality "1"]

1. d4 d5 2. Nd2 Nf6 3. c3 Nbd7 4. e3 e5 5. dxe5 Nxe5 6. h3 Bd6 7. Ndf3 0-0 8. Nxe5 Bxe5 9. Nf3 Bd6 10. Bd3 Re8 11. Qc2 Qe7 12. Ng5 Ne4 13. Nxe4 dxe4 14. Be2 Qg5 15. Bf1 Qd5 16. Qb3 Be6 17. Qxd5 Bxd5 18. Be2 Rad8 19. b3 Be5 20. Bb2 a5 21. 0-0-0 a4 22. c4 Bxb2+ 23. Kxb2 Bc6 24. b4 b6 25. b5 Bb7 26. a3 Kf8 27. Kc3 Ke7 28. Kb4 Ra8 29. Rd4 c5+ 30. bxc6 Bxc6 31. Rhd1 Ra7 32. Rd6 Rc8 33. Bg4 Rcc7 34. f3 g6 35. fxe4 Bxe4 36. Bf3 Bc2 37. R1d2 Bb3 38. Rc6 Rxc6 39. Bxc6 Rc7 40. Bb5 f6 41. Rd4 g5 42. Bxa4 Bxa4 43. Kxa4 Rc5 44. Kb4 Ke6 45. g4 f5 46. a4 Ke5 47. gxf5 1-0

[Event "Blagoevgrad op"]
[Site "Blagoevgrad"]
[Date "2013.09.29"]
[Round "3"]
[White "Ninov, Dayan"]
[Black "Iliev, Alexandar"]
[Result "1-0"]
[WhiteElo "2140"]
[BlackElo "1784"]
[PlyCount "111"]
[EventDate "2013.09.28"]
[EventType "swiss"]
[EventRounds "9"]
[EventCountry "BUL"]
[SourceTitle "CBM 156 Extra"]
[Source "ChessBase"]
[SourceDate "2013.10.22"]
[SourceVersion "1"]
[SourceVersionDate "2013.10.22"]
[SourceQuality "1"]

1. d4 d5 2. Nf3 e6 3. c4 dxc4 4. e3 b5 5. a4 c6 6. b3 cxb3 7. axb5 Bb4+ 8. Nfd2 Qd5 9. Be2 Ne7 10. 0-0 Bb7 11. Qxb3 Qxb3 12. Nxb3 cxb5 13. Bxb5+ Bc6 14. Na3 a6 15. Bxc6+ Nbxc6 16. Nc2 Bc3 17. Ra4 a5 18. Rc4 f5 19. Rxc3 Kf7 20. Ba3 a4 21. Nd2 Rhc8 22. Rb1 Nd5 23. Rc5 Ra5 24. Nc4 Rxc5 25. Bxc5 Rb8 26. Rxb8 Nxb8 27. Nb2 Na6 28. Nxa4 g5 29. Kf1 Kf6 30. Ke2 h5 31. Kd3 g4 32. Kc4 Nac7 33. Bd6 Kg5 34. Bxc7 Nxc7 35. Nb4 h4 36. Kc5 Ne8 37. Kc6 f4 38. exf4+ Kxf4 39. Nc5 h3 40. Nbd3+ Kf5 41. g3 Nf6 42. Kd6 Ne8+ 43. Ke7 Ng7 44. Ne5 Nh5 45. Nxe6 Nf6 46. Nf4 Ne4 47. Nfd3 Nf6 48. Nf4 Ne4 49. Ned3 Nc3 50. d5 Nb5 51. d6 Nd4 52. d7 Ke4 53. Nb4 Nf5+ 54. Kf6 Kf3 55. d8Q Kxf2 56. Qd2+ 1-0

[Event "Blagoevgrad op"]
[Site "Blagoevgrad"]
[Date "2013.09.28"]
[Round "1"]
[White "Veleski, Robert"]
[Black "Iliev, Alexandar"]
[Result "1-0"]
[WhiteElo "2264"]
[BlackElo "1784"]
[PlyCount "61"]
[EventDate "2013.09.28"]
[EventType "swiss"]
[EventRounds "9"]
[EventCountry "BUL"]
[SourceTitle "CBM 156 Extra"]
[Source "ChessBase"]
[SourceDate "2013.10.22"]
[SourceVersion "1"]
[SourceVersionDate "2013.10.22"]
[SourceQuality "1"]

1. c4 e6 2. Nf3 d6 3. d4 Nd7 4. Nc3 Ne7 5. e4 Ng6 6. Bd3 Nh4 7. 0-0 Nxf3+ 8. Qxf3 Qf6 9. Qxf6 Nxf6 10. Nb5 Kd8 11. f4 a6 12. Nc3 Nd7 13. Be3 g6 14. f5 Bg7 15. fxe6 fxe6 16. Rf7 Bf6 17. Rxf6 Nxf6 18. Bg5 Rf8 19. e5 Kd7 20. Bxf6 c6 21. Na4 Rb8 22. Nb6+ Kc7 23. Be7 Kxb6 24. Bxf8 dxe5 25. Bc5+ Kc7 26. dxe5 Ra8 27. Bd6+ Kb6 28. Rf1 Bd7 29. c5+ Ka5 30. Bc7+ Kb4 31. Rf4+ 1-0

[Event "Sofia MGU op 39th"]
[Site "Sofia"]
[Date "2011.10.22"]
[Round "2"]
[White "Iliev, Alexandar"]
[Black "Iliev, Dimitar"]
[Result "0-1"]
[WhiteElo "1779"]
[BlackElo "2144"]
[PlyCount "76"]
[EventDate "2011.10.22"]
[EventType "swiss"]
[EventRounds "6"]
[EventCountry "BUL"]
[SourceTitle "EXT 2013"]
[Source "ChessBase"]
[SourceDate "2012.11.22"]
[SourceVersion "1"]
[SourceVersionDate "2012.11.22"]
[SourceQuality "1"]

1. d4 d5 2. Nd2 g6 3. e3 Bg7 4. Bd3 e5 5. c3 e4 6. Be2 Qg5 7. g3 h5 8. h4 Qd8 9. Qc2 Nh6 10. Nh3 Bxh3 11. Rxh3 0-0 12. f3 Qd7 13. Rh1 Nf5 14. Kf2 exf3 15. Bxf3 Bh6 16. Nf1 Re8 17. Qd3 Nd6 18. Bd2 Ne4+ 19. Kg2 Qf5 20. Bxe4 Rxe4 21. Re1 Nd7 22. Nh2 Rae8 23. Rhf1 Qe6 24. Rf3 c5 25. Qb5 a6 26. Qxb7 Rb8 27. Qc7 Rxb2 28. Nf1 cxd4 29. cxd4 Rxa2 30. Rb1 Bxe3 31. Qc3 Bxd2 32. Nxd2 Re2+ 33. Rf2 Raxd2 34. Rbf1 Rc2 35. Qa5 Qe4+ 36. Kg1 Qe3 37. Qd8+ Nf8 38. Qf6 Qxg3+ 0-1

[Event "Sofia MGU op 38th"]
[Site "Sofia"]
[Date "2011.09.24"]
[Round "1"]
[White "Iliev, Alexandar"]
[Black "Orev, Petar"]
[Result "0-1"]
[WhiteElo "1779"]
[BlackElo "2204"]
[PlyCount "75"]
[EventDate "2011.09.24"]
[EventType "swiss"]
[EventRounds "6"]
[EventCountry "BUL"]
[SourceTitle "EXT 2013"]
[Source "ChessBase"]
[SourceDate "2012.11.22"]
[SourceVersion "1"]
[SourceVersionDate "2012.11.22"]
[SourceQuality "1"]

1. d4 c5 2. e3 Nf6 3. Nd2 Nc6 4. dxc5 e5 5. Nb3 Bxc5 6. Nxc5 Qa5+ 7. c3 Qxc5 8. Ne2 d5 9. Ng3 0-0 10. Be2 Be6 11. 0-0 b5 12. h3 a5 13. Bg4 b4 14. Bd2 bxc3 15. bxc3 Rab8 16. Nh5 Nxg4 17. hxg4 Qc4 18. f4 f6 19. f5 Bf7 20. Ng3 Rb2 21. Rf2 Rfb8 22. Qf1 Qxg4 23. Nh1 h5 24. Qe1 a4 25. a3 h4 26. Rf3 Qe4 27. Nf2 Qc2 28. Nd1 Qxd2 29. Nxb2 Rxb2 30. Qxd2 Rxd2 31. Rh3 Ne7 32. Rxh4 Nxf5 33. Rxa4 Nxe3 34. Rb1 d4 35. Ra8+ Kh7 36. Rd8 dxc3 37. Rc1 Rxd8 38. Rxc3 0-1

[Event "Dimitrovgrad op 1st"]
[Site "Dimitrovgrad"]
[Date "2009.09.05"]
[Round "1"]
[White "Iliev, Alexandar"]
[Black "Mishev, Liubomir"]
[Result "0-1"]
[WhiteElo "1827"]
[BlackElo "2205"]
[PlyCount "42"]
[EventDate "2009.09.05"]
[EventType "swiss"]
[EventRounds "7"]
[EventCountry "BUL"]
[SourceTitle "CBM 132 Extra"]
[Source "ChessBase"]
[SourceDate "2009.11.03"]
[SourceVersion "1"]
[SourceVersionDate "2009.11.03"]
[SourceQuality "1"]

1. d4 Nf6 2. Nd2 c5 3. dxc5 Qa5 4. e3 g6 5. Ne2 Bg7 6. Ng3 0-0 7. c3 Qxc5 8. f4 Qxe3+ 9. Qe2 Qxf4 10. Nf3 Qc7 11. Qc2 Ng4 12. Ne4 d5 13. Nf2 e5 14. Nxg4 Bxg4 15. Qf2 d4 16. c4 Nc6 17. a3 e4 18. Ng5 e3 19. Qc2 Qa5+ 20. Bd2 exd2+ 21. Qxd2 Rfe8+ 0-1

[Event "Sofia Hemus op 49th"]
[Site "Sofia"]
[Date "2009.08.30"]
[Round "5"]
[White "Andreev, Dobrotich"]
[Black "Iliev, Alexandar"]
[Result "1-0"]
[WhiteElo "2123"]
[BlackElo "1824"]
[PlyCount "63"]
[EventDate "2009.08.29"]
[EventType "swiss"]
[EventRounds "6"]
[EventCountry "BUL"]
[SourceTitle "CBM 131 Extra"]
[Source "ChessBase"]
[SourceDate "2009.09.03"]
[SourceVersion "2"]
[SourceVersionDate "2009.09.16"]
[SourceQuality "1"]

1. e4 e6 2. d4 Ne7 3. Nf3 Ng6 4. h4 Be7 5. h5 Nh4 6. Nxh4 Bxh4 7. Qg4 Bxf2+ 8. Kxf2 Qf6+ 9. Kg3 Qxd4 10. Nc3 h6 11. Be2 Nc6 12. Rd1 Qf6 13. Bf4 e5 14. Be3 d6 15. Nd5 Bxg4 16. Nxf6+ gxf6 17. Bxg4 Ke7 18. Kf3 b6 19. c3 Rad8 20. Kf2 Rdg8 21. Be2 Nd8 22. a4 Ne6 23. a5 Rg7 24. axb6 axb6 25. Ra7 Rhg8 26. Bf3 Rh7 27. b4 Rb8 28. Bg4 Rhh8 29. Bxe6 Kxe6 30. Rxc7 Rhc8 31. Rxc8 Rxc8 32. Rd3 1-0